[Event "1st Turkish League 2017"]
[Site "Konya"]
[Date "2017.07.19"]
[Round "4"]
[White "Eminov, Orkhan"]
[Black "Ozkan, Ervin"]
[Result "1-0"]
[WhiteElo "2274"]
[BlackElo "2206"]
[Annotator "NA"]
[PlyCount "83"]
[EventType "team-tourn"]
[EventCountry "TUR"]
[SourceTitle "playchess.com"]
[Source "ChessBase"]
[SourceQuality "1"]
[TimeControl "5400+30"]

1. e4 {[%emt 0:00:30]} e6 {[%emt 0:02:00]} 2. d4 {[%emt 0:00:00]} d5 {[%emt 0:00:00]} 3. Nc3 {[%emt 0:00:00]} Bb4 {[%emt 0:01:00]} 4. exd5 {[%emt 0:00:30]} exd5 {[%emt 0:00:00]} 5. Bd3 {[%emt 0:00:00] LiveBook: 1775 Games} Nc6 {[%emt 0:02:00]} 6. a3 {[%emt 0:03:00]} Be7 {[%emt 0:03:30]} 7. Nge2 {[%emt 0:01:30] C01: French: Exchange Variation} (7. Nf3 Nf6 8. h3 O-O 9. O-O h6 10. Bf4 Bd6 11. Qd2 a6 12. Rfe1 Bxf4 13. Qxf4 Be6 14. Re3 Nh5 {½-½ (59) Andreikin,D (2720)-Dubov,D (2661) Berlin 2015}) 7... Nf6 {[%emt 0:00:30]} 8. f3 $146 {[%emt 0:02:30]} ({Predecessor:} 8. O-O a6 9. h3 h6 10. Be3 Bd6 11. Ng3 Ne7 12. Qf3 Be6 13. Nce2 Ng6 14. Nf4 Nxf4 15. Bxf4 Bxf4 16. Qxf4 {1-0 (55) Jovanovic,Z (2518)-Djoric,D (2268) Sarajevo 2015}) 8... O-O {[%emt 0:03:30]} 9. Be3 {[%emt 0:05:30]} Be6 {[%emt 0:04:30]} 10. Qd2 {[%emt 0:03:30]} Qd7 {[%emt 0:03:30]} (10... Na5 $11 {keeps the balance.}) 11. g4 {[%emt 0:13:30]} a6 {[%emt 0:08:30]} 12. Nf4 {[%emt 0:06:30]} Ne8 {[%emt 0:10:30]} 13. h4 {[%emt 0:07:30]} Bd6 {[%emt 0:07:30]} 14. h5 {[%emt 0:06:30]} Bxf4 {[%emt 0:03:30]} 15. Bxf4 {[%emt 0:01:30]} Nd6 {[%emt 0:04:30]} 16. O-O-O $16 {[%emt 0:11:30]} b5 {[%emt 0:04:30]} 17. Ne2 {[%emt 0:02:30]} Nc4 {[%emt 0:00:30]} 18. Qe1 {[%emt 0:03:30]} Qe7 {[%emt 0:06:30]} 19. Bxc4 {[%emt 0:07:30]} bxc4 {[%emt 0:00:30]} 20. Qg3 {[%emt 0:00:30]} Ra7 {[%emt 0:03:30]} 21. Nc3 {[%emt 0:01:30]} Rb7 {[%emt 0:01:30]} 22. h6 {[%emt 0:04:19]} g6 {[%emt 0:16:24]} 23. Rhe1 {[%emt 0:00:56]} g5 {[%emt 0:08:33]} 24. Nxd5 {[%emt 0:04:17]} Qd8 {[%emt 0:00:06]} 25. Nc3 {[%emt 0:00:00]} gxf4 {[%emt 0:01:10]} 26. Qxf4 {[%emt 0:00:07]} Bc8 {[%emt 0:04:41]} 27. d5 {[%emt 0:03:06]} Nb8 {[%emt 0:00:02]} 28. Qd4 {[%emt 0:01:48]} Qg5+ {[%emt 0:00:32]} 29. f4 {[%emt 0:00:36]} Qxh6 {[%emt 0:00:13]} 30. Ne4 {[%emt 0:04:12]} Qxf4+ {[%emt 0:01:01]} 31. Kb1 {[%emt 0:00:30]} Nd7 {[%emt 0:00:00]} 32. g5 {[%emt 0:00:47]} Rb6 {[%emt 0:00:55]} 33. Rh1 {[%emt 0:01:33]} Qe5 {[%emt 0:00:34]} 34. Nf6+ {[%emt 0:02:02]} Rxf6 {[%emt 0:00:05]} 35. Qh4 {[%emt 0:00:00]} Rh6 {[%emt 0:01:12]} 36. Qxh6 {[%emt 0:00:40]} Qg7 {[%emt 0:00:30]} 37. Qc6 {[%emt 0:00:00]} Ne5 {[%emt 0:00:40]} 38. Qxc7 {[%emt 0:00:01]} Bf5 {[%emt 0:00:00]} 39. d6 {[%emt 0:00:37]} Rc8 {[%emt 0:00:24]} 40. Qb7 {[%emt 0:00:57]} Nc6 {[%emt 0:00:52]} 41. d7 {[%emt 0:00:42]} Rb8 {[%emt 0:00:32]} 42. Qxb8+ {[%emt 0:00:05]} 1-0

[Event "1st Turkish League 2017"]
[Site "Konya"]
[Date "2017.07.19"]
[Round "4"]
[White "Annaberdiyev, Babageldi"]
[Black "Keler, Faruk"]
[Result "0-1"]
[WhiteElo "2262"]
[BlackElo "2262"]
[Annotator "ChessBase"]
[PlyCount "102"]
[EventType "team-tourn"]
[EventCountry "TUR"]
[SourceTitle "playchess.com"]
[Source "ChessBase"]
[SourceQuality "1"]
[TimeControl "5400+30"]

1. Nf3 {[%emt 0:00:30]} d5 {[%emt 0:01:00]} 2. g3 {[%emt 0:00:30]} Nf6 {[%emt 0:00:30]} 3. Bg2 {[%emt 0:00:30]} g6 {[%emt 0:03:30]} 4. O-O {[%emt 0:00:30]} Bg7 {[%emt 0:00:00]} 5. d3 {[%emt 0:00:30]} O-O {[%emt 0:00:00]} 6. Nbd2 {[%emt 0:00:30]} c5 {[%emt 0:03:30]} 7. e4 {[%emt 0:00:30]} Nc6 {[%emt 0:00:30]} 8. Re1 {[%emt 0:00:30]} e5 {[%emt 0:02:30]} 9. h3 {[%emt 0:03:30]} h6 {[%emt 0:03:30]} 10. c3 {[%emt 0:18:30]} b6 {[%emt 0:07:30]} 11. exd5 {[%emt 0:19:30]} Nxd5 {[%emt 0:00:30]} 12. Nc4 {[%emt 0:00:30]} Re8 {[%emt 0:01:30]} 13. d4 {[%emt 0:02:30]} cxd4 {[%emt 0:14:30]} 14. cxd4 {[%emt 0:00:30]} exd4 {[%emt 0:03:30]} 15. Rxe8+ {[%emt 0:01:30]} Qxe8 {[%emt 0:00:00]} 16. Nxd4 {[%emt 0:03:30]} Nxd4 {[%emt 0:01:00]} 17. Bxd5 {[%emt 0:00:00]} Be6 {[%emt 0:04:30]} 18. Bxa8 {[%emt 0:11:00]} Qxa8 {[%emt 0:01:30]} 19. Ne3 {[%emt 0:00:30]} Nf3+ {[%emt 0:08:30]} 20. Kg2 {[%emt 0:00:30]} Bd4 {[%emt 0:00:30]} 21. Kf1 {[%emt 0:06:30]} Bxe3 {[%emt 0:12:30]} 22. fxe3 {[%emt 0:01:30]} Bc4+ {[%emt 0:00:30]} 23. Kf2 {[%emt 0:00:30]} Ng5 {[%emt 0:00:30]} 24. e4 {[%emt 0:01:30]} Nxe4+ {[%emt 0:00:30]} 25. Kg1 {[%emt 0:08:01]} Nxg3 {[%emt 0:01:30]} 26. Kf2 {[%emt 0:08:24]} Be2 {[%emt 0:06:30]} 27. Qb3 {[%emt 0:00:15]} Nf5 {[%emt 0:01:30]} 28. Bxh6 {[%emt 0:04:31]} Qe4 {[%emt 0:04:55]} 29. Bg5 {[%emt 0:00:18]} Bc4 {[%emt 0:04:15]} 30. Qc3 {[%emt 0:03:33]} Qe2+ {[%emt 0:00:49]} 31. Kg1 {[%emt 0:00:02]} Bd5 {[%emt 0:00:15]} 32. Qd2 {[%emt 0:00:40]} Qf3 {[%emt 0:00:10]} 33. Rc1 {[%emt 0:02:13]} Qg3+ {[%emt 0:04:59]} 34. Kf1 {[%emt 0:00:30]} Qxh3+ {[%emt 0:00:00]} 35. Kf2 {[%emt 0:01:19]} Qg2+ {[%emt 0:01:36]} 36. Ke1 {[%emt 0:00:04]} Qg1+ {[%emt 0:00:54]} 37. Ke2 {[%emt 0:00:30]} Qg4+ {[%emt 0:00:00]} 38. Kf2 {[%emt 0:00:18]} Qf3+ {[%emt 0:05:13]} 39. Ke1 {[%emt 0:01:07]} Qh1+ {[%emt 0:04:09]} 40. Kf2 {[%emt 0:00:12]} Qg2+ {[%emt 0:00:10]} 41. Ke1 {[%emt 0:00:06]} Qg1+ {[%emt 0:00:30]} 42. Ke2 {[%emt 0:00:30]} Qg4+ {[%emt 0:00:00]} 43. Kf2 {[%emt 0:00:10]} Nd4 {[%emt 0:00:08]} 44. Rg1 {[%emt 0:01:36]} Qf3+ {[%emt 0:00:33]} 45. Ke1 {[%emt 0:00:30]} Qe4+ {[%emt 0:00:00]} 46. Kf2 {[%emt 0:00:00]} Nf3 {[%emt 0:00:43]} 47. Qc1 {[%emt 0:00:44]} Nxg1 {[%emt 0:00:59]} 48. Qxg1 {[%emt 0:00:30]} Qc2+ {[%emt 0:00:00]} 49. Kg3 {[%emt 0:00:13]} Qxb2 {[%emt 0:00:00]} 50. Qd1 {[%emt 0:00:49]} Qg2+ {[%emt 0:00:27]} 51. Kf4 {[%emt 0:00:00]} Qf2+ {[%emt 0:00:00]} 0-1

[Event "1st Turkish League 2017"]
[Site "Konya"]
[Date "2017.07.19"]
[Round "4"]
[White "Isik, Alparslan"]
[Black "Koksal, Ege"]
[Result "0-1"]
[WhiteElo "2211"]
[BlackElo "2390"]
[Annotator "NA"]
[PlyCount "54"]
[EventType "team-tourn"]
[EventCountry "TUR"]
[SourceTitle "playchess.com"]
[Source "ChessBase"]
[SourceQuality "1"]
[TimeControl "5400+30"]

1. Nf3 {[%emt 0:00:30]} Nf6 {[%emt 0:01:00]} 2. c4 {[%emt 0:00:30]} e6 {[%emt 0:00:30]} 3. g3 {[%emt 0:00:30]} d5 {[%emt 0:00:00]} 4. d4 {[%emt 0:00:00]} dxc4 {[%emt 0:00:00]} 5. Qa4+ {[%emt 0:00:00]} Nbd7 {[%emt 0:01:30]} 6. Bg2 {[%emt 0:00:00]} a6 {[%emt 0:00:00]} 7. Nc3 {[%emt 0:00:00]} Rb8 {[%emt 0:08:00]} 8. Qxc4 {[%emt 0:01:30]} b5 {[%emt 0:00:00]} 9. Qd3 {[%emt 0:04:30]} Bb7 {[%emt 0:00:00]} 10. O-O {[%emt 0:02:30]} c5 {[%emt 0:00:30] LiveBook: 91 Games} 11. Bf4 {[%emt 0:08:30]} Rc8 {[%emt 0:00:30]} 12. dxc5 {[%emt 0:05:30]} Bxc5 {[%emt 0:02:30]} 13. Rfd1 {[%emt 0:13:30]} Qb6 {[%emt 0:16:30]} 14. e3 {[%emt 0:03:30]} O-O $11 {[%emt 0:03:30]} 15. Rac1 {[%emt 0:05:30]} Rfd8 {[%emt 0:04:30]} 16. Bd6 {[%emt 0:06:30]} Bxf3 {[%emt 0:36:30]} 17. Bxf3 {[%emt 0:00:00]} Ne5 {[%emt 0:00:30]} 18. Bxc5 {[%emt 0:13:00]} Nxf3+ {[%emt 0:00:30]} 19. Kh1 {[%emt 0:07:30]} Qc7 {[%emt 0:05:16]} 20. Qe2 {[%emt 0:04:30]} Ng5 {[%emt 0:01:14]} 21. b4 {[%emt 0:11:20]} Qb7+ {[%emt 0:02:50]} 22. e4 {[%emt 0:00:12]} Rxd1+ {[%emt 0:00:21]} 23. Nxd1 {[%emt 0:07:04]} Nfxe4 {[%emt 0:00:38]} 24. f3 {[%emt 0:01:42]} Nxc5 {[%emt 0:00:49]} 25. Rxc5 {[%emt 0:00:05]} Rxc5 {[%emt 0:00:25]} 26. bxc5 {[%emt 0:00:01]} Nxf3 {[%emt 0:00:00]} 27. Qg2 {[%emt 0:00:03]} Qe4 {[%emt 0:00:28]} 0-1

[Event "1st Turkish League 2017"]
[Site "Konya"]
[Date "2017.07.19"]
[Round "4"]
[White "Sari, Yasin"]
[Black "Shtembuliak, Evegeny"]
[Result "0-1"]
[WhiteElo "2195"]
[BlackElo "2474"]
[Annotator "TA"]
[PlyCount "46"]
[EventType "team-tourn"]
[EventCountry "TUR"]
[SourceTitle "playchess.com"]
[Source "ChessBase"]
[SourceQuality "1"]

{[%evp 13,46,16,45,11,21,15,21,-8,11,9,7,-37,-36,-41,-5,-77,-9,-103,-100,-124,-128,-128,-97,-218,-137,-133,-28,-42,-29,-83,-35,-593,-498,-618,-614]} 1. d4 Nf6 2. Nf3 d6 3. Nc3 g6 4. e4 Bg7 5. h3 O-O 6. Be3 a6 7. a4 e6 {LiveBook: 6 Games. B08: Pirc Defence: Classical System} (7... b6 8. e5 Nfd7 9. e6 fxe6 10. h4 Nf6 11. Bd3 Nc6 12. h5 gxh5 13. Ne4 Nb4 14. Nfg5 h6 15. Nxf6+ exf6 16. Nh7 {1-0 (76) Artemiev,V (2655)-Smirin,I (2670) Moscow 2017}) 8. Qd2 b6 9. Bg5 $146 ({Predecessor:} 9. Bd3 Bb7 10. O-O c5 11. dxc5 bxc5 12. e5 Nd5 13. Nxd5 exd5 14. exd6 Qxd6 15. c3 {0-1 (47) Horak,J (2247)-Nguyen,P (2368) Nachod 2009}) 9... Bb7 {The position is equal.} 10. Bd3 {And now e5 would win.} c5 11. dxc5 bxc5 12. O-O Qc7 13. Qf4 Nbd7 14. Nd2 (14. Rfd1 $11) 14... Rac8 (14... Nh5 $17 15. Qh2 Be5) 15. Rfe1 (15. Nc4 $11) 15... Nh5 $17 16. Qh4 h6 $36 {[%mdl 2048] Keeping White busy.} 17. Be7 {[#]} Ne5 $1 {aiming for ...Rfe8.} 18. g4 (18. Bxf8 $17 {only move.} Bf6 19. Qxf6 Nxf6 20. Bxh6) 18... Rfe8 {Threatens to win with ...Nf4.} 19. gxh5 g5 (19... Qxe7 $17 20. Qxe7 Rxe7) 20. Bxg5 $1 $11 hxg5 21. Qxg5 (21. Qg3 $11 {remains equal.}) 21... Kh7 $17 22. f4 $2 {[%mdl 8192]} ({White must play} 22. Qh4 $1 $15) 22... Rg8 {[#] White must now prevent ...Bh6.} 23. Kf1 Nxd3 {Precision: White = 24%, Black = 53%.} 0-1

[Event "1st Turkish League 2017"]
[Site "Konya"]
[Date "2017.07.19"]
[Round "4"]
[White "Keles, Cengiz"]
[Black "Erturan, Yakup"]
[Result "0-1"]
[WhiteElo "2124"]
[BlackElo "2371"]
[Annotator "NA"]
[PlyCount "66"]
[EventType "team-tourn"]
[EventCountry "TUR"]
[SourceTitle "playchess.com"]
[Source "ChessBase"]
[SourceQuality "1"]
[TimeControl "5400+30"]

1. d4 {[%emt 0:00:30]} Nf6 {[%emt 0:01:00]} 2. Nf3 {[%emt 0:00:30]} g6 {[%emt 0:00:30]} 3. g3 {[%emt 0:00:00]} Bg7 {[%emt 0:01:30]} 4. Bg2 {[%emt 0:02:00]} O-O {[%emt 0:00:30]} 5. O-O {[%emt 0:00:30]} d6 {[%emt 0:00:30]} 6. c4 {[%emt 0:00:30]} Nc6 {[%emt 0:00:30]} 7. Nc3 {[%emt 0:00:30]} a6 {[%emt 0:00:30]} 8. b3 {[%emt 0:03:30]} Bf5 {[%emt 0:01:30]} 9. Bb2 {[%emt 0:02:30]} Ne4 {[%emt 0:00:30]} 10. e3 {[%emt 0:02:30] E63: King's Indian: Fianchetto: Panno Variation with 7...a6} (10. Nd5 e5 11. dxe5 dxe5 12. Nh4 Nd6 13. Ba3 Be6 14. Nxc7 Qxc7 15. Bxd6 Qa5 16. Bxf8 Rxf8 17. Qe1 Qa3 {1-0 (68) Bok,B (2594)-Van Foreest,J (2615) Amstelveen 2016}) 10... Nxc3 {[%emt 0:03:30]} 11. Bxc3 {[%emt 0:00:30]} Be4 {[%emt 0:00:00]} 12. Rc1 $146 {[%emt 0:05:30]} ({Predecessor:} 12. Bh3 e5 13. d5 Ne7 14. Rc1 Bf5 15. Bxf5 Nxf5 16. e4 Ne7 17. Nd2 Bh6 {0-1 (45) Nguyen,T-Bui,D Vung Tau 2000}) 12... d5 {[%emt 0:12:00]} 13. Ba1 {[%emt 0:06:30]} e6 {[%emt 0:02:30]} 14. Qd2 {[%emt 0:11:30]} Qe7 {[%emt 0:07:30]} 15. Rfd1 {[%emt 0:09:30]} Rfd8 {[%emt 0:01:30]} 16. Qe2 {[%emt 0:02:30]} a5 {[%emt 0:03:30]} 17. Ne5 {[%emt 0:07:30]} Bxe5 {[%emt 0:02:30]} 18. Bxe4 {[%emt 0:01:30]} dxe4 {[%emt 0:05:30]} 19. dxe5 {[%emt 0:00:00]} a4 $11 {[%emt 0:03:30]} 20. Bc3 {[%emt 0:10:00]} Qa3 {[%emt 0:08:30]} 21. Qc2 {[%emt 0:08:30]} Rd3 {[%emt 0:03:30]} 22. Rxd3 {[%emt 0:07:58]} exd3 {[%emt 0:01:30]} 23. Qb1 {[%emt 0:00:22]} axb3 {[%emt 0:04:30]} 24. axb3 {[%emt 0:00:08]} Ra6 {[%emt 0:01:30]} 25. b4 {[%emt 0:01:34]} Ra4 {[%emt 0:00:30]} 26. b5 {[%emt 0:01:19]} Nb4 {[%emt 0:00:30]} 27. Bd2 {[%emt 0:05:04]} Nc2 {[%emt 0:01:30]} 28. Rxc2 {[%emt 0:03:28]} dxc2 {[%emt 0:00:30]} 29. Qxc2 {[%emt 0:00:02]} c6 {[%emt 0:06:30]} 30. bxc6 {[%emt 0:03:48]} bxc6 {[%emt 0:00:30]} 31. Bc1 {[%emt 0:01:08]} Qb4 {[%emt 0:13:46]} 32. c5 {[%emt 0:02:46]} Qc4 {[%emt 0:04:06]} 33. Qd1 {[%emt 0:00:27]} Ra1 {[%emt 0:01:39]} 0-1

[Event "1st Turkish League 2017"]
[Site "Konya"]
[Date "2017.07.19"]
[Round "4"]
[White "Caglar, Ahmet Ata"]
[Black "Akdag, Omer Amir"]
[Result "1-0"]
[WhiteElo "2082"]
[BlackElo "1685"]
[Annotator "NA"]
[PlyCount "55"]
[EventType "team-tourn"]
[EventCountry "TUR"]
[SourceTitle "playchess.com"]
[Source "ChessBase"]
[SourceQuality "1"]
[TimeControl "5400+30"]

1. e4 {[%emt 0:00:30]} c5 {[%emt 0:01:00]} 2. Nf3 {[%emt 0:00:00]} d6 {[%emt 0:00:30]} 3. d4 {[%emt 0:01:00]} cxd4 {[%emt 0:00:30]} 4. Nxd4 {[%emt 0:00:00]} Nf6 {[%emt 0:00:00]} 5. Nc3 {[%emt 0:00:00]} Nc6 {[%emt 0:00:00]} 6. g3 {[%emt 0:00:00]} g6 {[%emt 0:01:30]} 7. Bg2 {[%emt 0:00:00] LiveBook: 451 Games} Nxd4 {[%emt 0:00:30]} 8. Qxd4 {[%emt 0:00:30]} Bg7 {[%emt 0:00:30]} 9. O-O {[%emt 0:03:30]} O-O {[%emt 0:00:30]} 10. Qd3 {[%emt 0:01:30]} Be6 {[%emt 0:02:30]} 11. Nd5 {[%emt 0:00:30]} Nd7 {[%emt 0:00:30] B70: Sicilian Dragon: 6 g3 and 6 Be2 (without a later Be3)} (11... Rc8 12. c3 a6 13. Re1 Nd7 14. a4 Ne5 15. Qd1 Re8 16. h3 Nc4 17. Kh2 Bd7 18. Re2 b5 19. axb5 Bxb5 {½-½ (74) Karjakin,S (2781)-Topalov,V (2749) Paris 2017}) 12. c3 {[%emt 0:09:30]} Rc8 {[%emt 0:02:30]} 13. Bg5 {[%emt 0:01:30]} Bxd5 {[%emt 0:01:30]} 14. exd5 {[%emt 0:00:30] [#]} h6 $146 {[%emt 0:01:30]} ({Predecessor:} 14... Ne5 15. Qe2 Re8 16. h4 Qc7 17. Rfe1 a6 18. h5 Qc4 19. hxg6 hxg6 20. Qxc4 Nxc4 21. Rxe7 Nxb2 22. Rxb7 Bxc3 {0-1 (46) Haznedaroglu,K (2360)-Gelashvili,T (2552) Antalya 2002}) 15. Be3 {[%emt 0:04:30]} a6 {[%emt 0:11:30]} 16. Qd2 {[%emt 0:02:30]} Kh7 {[%emt 0:01:30]} 17. Rae1 {[%emt 0:03:30]} Ne5 {[%emt 0:01:30]} 18. Qe2 {[%emt 0:00:30]} Nc4 {[%emt 0:09:30]} 19. Bc1 {[%emt 0:00:30]} Be5 {[%emt 0:08:30]} (19... Bf6 $142) 20. Bh3 {[%emt 0:04:30]} (20. f4 $18) 20... Rc7 {[%emt 0:06:30]} 21. b3 {[%emt 0:04:30]} Nb6 $16 {[%emt 0:00:30]} 22. Qe3 {[%emt 0:02:30]} Rxc3 {[%emt 0:14:30]} 23. Qxh6+ {[%emt 0:00:30]} Kg8 {[%emt 0:00:00]} 24. Rxe5 {[%emt 0:01:30]} dxe5 {[%emt 0:04:00]} 25. Be6 {[%emt 0:08:30]} Rxc1 {[%emt 0:03:30]} 26. Qxg6+ {[%emt 0:00:30]} Kh8 {[%emt 0:00:00]} 27. Qh6+ {[%emt 0:00:00]} Kg8 {[%emt 0:00:00]} 28. Bf5 {[%emt 0:00:00]} 1-0

[Event "1st Turkish League 2017"]
[Site "Konya"]
[Date "2017.07.19"]
[Round "4"]
[White "Korkmaz, Necmettin"]
[Black "Uzunoglu, Efe Kerem"]
[Result "1-0"]
[WhiteElo "2078"]
[BlackElo "2058"]
[Annotator "NA"]
[PlyCount "83"]
[EventType "team-tourn"]
[EventCountry "TUR"]
[SourceTitle "playchess.com"]
[Source "ChessBase"]
[SourceQuality "1"]
[TimeControl "5400+30"]

1. e4 {[%emt 0:00:30]} c5 {[%emt 0:01:00]} 2. Nf3 {[%emt 0:00:30]} d6 {[%emt 0:00:00]} 3. d4 {[%emt 0:00:30]} Nf6 {[%emt 0:00:00]} 4. Nc3 {[%emt 0:00:00]} cxd4 {[%emt 0:00:30]} 5. Nxd4 {[%emt 0:00:00]} a6 {[%emt 0:00:00]} 6. h3 {[%emt 0:04:30]} e5 {[%emt 0:00:00]} 7. Nde2 {[%emt 0:03:30]} h5 {[%emt 0:00:00] B90: Sicilian Najdorf: Unusual White 6th moves, 6 Be3 Ng4 and 6 Be3 e5} 8. g3 {[%emt 0:00:30]} Be7 {[%emt 0:04:00]} (8... Be6 9. Bg2 b5 10. O-O Nbd7 11. Be3 Be7 12. Nd5 Nxd5 13. exd5 Bf5 14. f4 Rc8 15. c3 {0-1 (53) Karjakin,S (2781)-Vachier Lagrave,M (2796) Paris 2017}) 9. Bg2 {[%emt 0:00:30]} Be6 {[%emt 0:03:30]} 10. Bg5 {[%emt 0:04:30]} Nbd7 {[%emt 0:00:30]} 11. Qd2 {[%emt 0:01:30]} b5 {[%emt 0:01:30]} 12. Bxf6 $146 {[%emt 0:00:30]} ({Predecessor:} 12. a3 Rc8 13. O-O O-O 14. b3 Nh7 15. Be3 {0-1 (70) Sasikiran,K (2674)-Jumabayev,R (2611) Moscow 2017}) 12... Nxf6 {[%emt 0:00:30]} 13. a4 {[%emt 0:06:30]} b4 {[%emt 0:01:30]} 14. Nd5 {[%emt 0:00:30]} Bxd5 {[%emt 0:00:30]} 15. exd5 {[%emt 0:00:30]} a5 {[%emt 0:03:30]} 16. O-O {[%emt 0:05:30]} O-O {[%emt 0:21:30]} 17. c3 {[%emt 0:02:30]} Rb8 {[%emt 0:02:30]} 18. cxb4 {[%emt 0:03:30]} Rxb4 {[%emt 0:00:30]} 19. Nc3 {[%emt 0:00:30]} Qb6 {[%emt 0:01:30]} 20. Nb5 {[%emt 0:01:30]} Nd7 {[%emt 0:01:30]} 21. Qd1 {[%emt 0:14:30]} h4 {[%emt 0:02:30]} 22. gxh4 {[%emt 0:01:30]} Bxh4 {[%emt 0:00:30]} 23. b3 {[%emt 0:02:30]} Nc5 {[%emt 0:05:30]} 24. Rc1 $17 {[%emt 0:00:30]} e4 {[%emt 0:13:30]} 25. Rc4 {[%emt 0:04:30]} Rxc4 {[%emt 0:11:30]} 26. bxc4 {[%emt 0:00:00]} Re8 {[%emt 0:00:30]} 27. Qg4 {[%emt 0:06:00]} Bf6 {[%emt 0:00:30]} 28. Kh1 {[%emt 0:07:30]} Qd8 {[%emt 0:01:30]} 29. Na7 {[%emt 0:09:30]} Nxa4 {[%emt 0:01:30]} 30. Nc6 {[%emt 0:01:30]} Qc7 {[%emt 0:00:30]} 31. Bxe4 {[%emt 0:00:20]} Nc5 {[%emt 0:00:00]} 32. Bc2 {[%emt 0:00:54]} Nd7 {[%emt 0:05:49]} 33. Rg1 {[%emt 0:03:05]} Ne5 {[%emt 0:01:46]} 34. Qf5 {[%emt 0:01:19]} Ng6 {[%emt 0:01:50]} 35. Rxg6 {[%emt 0:02:54]} fxg6 {[%emt 0:00:34]} 36. Qxg6 {[%emt 0:00:06]} Re1+ {[%emt 0:02:23]} 37. Kg2 {[%emt 0:00:10]} Kf8 {[%emt 0:13:15]} 38. Qh7 {[%emt 0:00:19]} Re5 {[%emt 0:00:25]} 39. Qh8+ {[%emt 0:01:30]} Kf7 {[%emt 0:00:02]} 40. Bh7 {[%emt 0:01:24]} Rg5+ {[%emt 0:01:29]} 41. Kf1 {[%emt 0:00:15]} Be7 {[%emt 0:00:44]} 42. Qg8+ {[%emt 0:00:09]} 1-0

[Event "1st Turkish League 2017"]
[Site "Konya"]
[Date "2017.07.19"]
[Round "4"]
[White "Okus, Melih"]
[Black "Dogan, Nazmi Can"]
[Result "0-1"]
[WhiteElo "2041"]
[BlackElo "2242"]
[Annotator "NA"]
[PlyCount "82"]
[EventType "team-tourn"]
[EventCountry "TUR"]
[SourceTitle "playchess.com"]
[Source "ChessBase"]
[SourceQuality "1"]
[TimeControl "5400+30"]

1. Nf3 {[%emt 0:00:30]} Nf6 {[%emt 0:02:00]} 2. c4 {[%emt 0:00:00]} g6 {[%emt 0:05:30]} 3. g3 {[%emt 0:01:00]} Bg7 {[%emt 0:00:30]} 4. Bg2 {[%emt 0:00:30]} O-O {[%emt 0:00:30]} 5. Nc3 {[%emt 0:00:00]} d6 {[%emt 0:01:30]} 6. O-O {[%emt 0:00:00]} e5 {[%emt 0:00:30]} 7. d3 {[%emt 0:00:30]} Nc6 {[%emt 0:00:30]} 8. Rb1 {[%emt 0:00:00]} a5 {[%emt 0:00:30]} 9. a3 {[%emt 0:00:00]} Re8 {[%emt 0:00:30]} 10. b4 {[%emt 0:04:30]} axb4 {[%emt 0:00:30]} 11. axb4 {[%emt 0:00:30]} e4 {[%emt 0:00:00]} 12. dxe4 {[%emt 0:16:30]} Nxe4 {[%emt 0:00:00]} 13. Nxe4 {[%emt 0:00:30]} Rxe4 {[%emt 0:00:00]} 14. b5 {[%emt 0:07:30]} Nd4 {[%emt 0:19:00] LiveBook: 4 Games} 15. Be3 {[%emt 0:01:30]} (15. Nxd4 $14 Rxd4 16. Qb3) 15... Nxf3+ {[%emt 0:07:30]} 16. Bxf3 {[%emt 0:00:00]} Rxc4 {[%emt 0:00:30]} 17. Qd5 {[%emt 0:00:00]} Rca4 {[%emt 0:13:30]} 18. Rbc1 {[%emt 0:12:30]} R8a5 {[%emt 0:07:30]} 19. Bd2 {[%emt 0:08:30]} Ra7 $15 {[%emt 0:04:30]} 20. Bg5 {[%emt 0:07:30]} Qd7 {[%emt 0:00:30]} 21. b6 {[%emt 0:06:30]} c6 {[%emt 0:06:30]} 22. Qd2 {[%emt 0:14:25]} Ra8 {[%emt 0:02:30]} 23. e4 {[%emt 0:01:36]} Ra2 {[%emt 0:06:30]} 24. Qf4 {[%emt 0:02:38]} Be5 {[%emt 0:03:10]} 25. Qh4 {[%emt 0:00:24]} Qh3 {[%emt 0:01:36]} 26. Rfd1 {[%emt 0:04:27]} Qxh4 {[%emt 0:00:36]} 27. Bxh4 {[%emt 0:01:12]} f6 {[%emt 0:02:52]} 28. g4 {[%emt 0:00:01]} Kf7 {[%emt 0:00:02]} 29. Bg3 {[%emt 0:01:07]} Ke7 {[%emt 0:00:59]} 30. Bxe5 {[%emt 0:02:01]} dxe5 {[%emt 0:02:15]} 31. g5 {[%emt 0:01:33]} fxg5 {[%emt 0:00:33]} 32. Rc5 {[%emt 0:00:13]} R8a5 {[%emt 0:00:27]} 33. Rxa5 {[%emt 0:01:32]} Rxa5 {[%emt 0:00:30]} 34. Be2 {[%emt 0:00:00]} Ra4 {[%emt 0:01:28]} 35. Rb1 {[%emt 0:01:02]} Rxe4 {[%emt 0:00:51]} 36. Bf3 {[%emt 0:00:01]} Rc4 {[%emt 0:00:39]} 37. Ra1 {[%emt 0:00:27]} Bh3 {[%emt 0:00:53]} 38. Rb1 {[%emt 0:00:43]} Bf5 {[%emt 0:01:09]} 39. Rb2 {[%emt 0:00:30]} Be4 {[%emt 0:01:00]} 40. Bxe4 {[%emt 0:00:33]} Rxe4 {[%emt 0:00:03]} 41. Ra2 {[%emt 0:00:00]} Rb4 {[%emt 0:00:09]} 0-1